000 00723nam a22001815i 4500
001 163634
003 ES-MaACL
005 20230906212759.0
008 990701s1892 fr |||| | fre d
040 _aGA
_bspa
_cCCPB | 3D
100 0 _aRoberty, Eugène de.
_997861
245 1 3 _aLa philosophie du siècle
_b: Criticisme-Positivisme-Evolutionnisme /
_cpar E. de Roberty.
250 _a2ème éd.
260 _aParis :
_bFélix Alcan,
_c1892 (
_eCoulommiers :
_fImp. Paul Brodard)
300 _aVIII, 234 p. ;
_c22 cm.
752 _aFrancia -
_dParís
852 _aES-MaACL
_jB-7074
_z-- Enc. hol. conservando la cub. original
_x-- Edic.: En la cub. original consta la serie: Bibliothèque de philosophie contemporaine
999 _c163634
_d163634